[Event "ROM-ch"]
[Site "Bucharest"]
[Date "1998.12.21"]
[Round "13"]
[White "Nevednichy, Vladislav"]
[Black "Florescu, Codrut Constantin"]
[Result "1-0"]
[WhiteElo "2545"]
[BlackElo "2320"]
[Annotator "Horn,Pe"]
[PlyCount "81"]
[EventDate "1998.12.08"]
[EventType "tourn"]
[EventRounds "15"]
[EventCountry "ROU"]
[EventCategory "9"]
[SourceTitle "CBM 069"]
[Source "ChessBase"]
[SourceDate "1999.04.01"]
[SourceVersion "1"]
[SourceVersionDate "1999.04.01"]
[SourceQuality "1"]

1. e4 c5 2. Nf3 e6 3. d3 Nc6 4. g3 d5 5. Nbd2 Bd6 6. Bg2 Nge7 7. O-O O-O 8. Nh4
{Fischers Wahl.} Bc7 9. f4 dxe4 {Grundsätzlich ist dieser Abtausch ein
Zugeständnis, da er Weiß größeren Einfluß im Zentrum beschert (Abtausch von
Pd5 gegen Pd3). Deswegen wird der Abtausch meist in Zusammenhang mit b6
gespielt, um mit Ba6 die freigelegte Diagonale a6-f1 zu nutzen.} (9... f5) (
9... f6) 10. dxe4 f5 $6 $146 {Wenn Schwarz schon f7-f5 spielen wollte, konnte
er dies ohne Tausch auf e4 tun.} (10... b6 {ist die meistgespielte Fortsetzung.
Die Ergebnisse sind allerdings nicht sehr ermutigend für Schwarz.} 11. c3 (11.
e5 $5 Ba6 12. Re1 Qd7 13. Qh5 $1 (13. Kh1 Rad8 14. Qh5 Nf5 15. Ne4 Ncd4 16. g4
Nxh4 17. Qxh4 f6 $13 {Minic,D-Sax,G/Vinkovci 1976}) 13... Qd4+ 14. Kh1 Qf2 15.
Nhf3 Rad8 $2 (15... Nd4 16. Ne4 Qxc2 17. Nxd4 cxd4 18. Bd2 $1 {/\ Rac1,Bb4
Gottardi G.} (18. Nf6+ $2 gxf6 19. Be4 Qxe4+ 20. Rxe4 Bb7 $19) (18. Ng5 $6 Qg6
19. Qxg6 hxg6 20. Bxa8 Rxa8 21. Bd2 Bb7+ $44 {Minic})) (15... Be2 {Minic} 16.
g4 $1 {/\ Ne4+/-}) 16. Ne4 $1 Qxc2 17. Nfg5 h6 18. Nf6+ $1 gxf6 19. Be4 $18 {
Gottardi,G-Harding,T/FS-ol11}) 11... Ba6 12. Re1 (12. Rf2 Qd7 13. f5 exf5 14.
exf5 f6 $13 {Kohl,H-Raupp,T/BL2-S 1993}) 12... Bd3 (12... Qd7 13. e5 (13. Qh5
Rad8 14. Ndf3 f6 15. Be3 Qe8 16. Qg4 $13 {Castro Rojas,O-Lebredo,G/Lublin 1977}
) 13... Rad8 14. Qh5 Ng6 (14... f5 $2 15. exf6 Rxf6 16. Ne4 Rh6 17. Qxh6 $18 {
Lerner-Dolmatov/URS-FL/1985}) 15. Nhf3 Bd3 16. Ne4 f6 17. exf6 gxf6 18. Bh3 f5
19. Neg5 $16 {Titov,G-Kuporosov,V/Kostroma 1985}) 13. e5 Qd7 $6 (13... b5 $5 {
/\ c4,Bb6,Nd5 Dolmatov}) 14. Ne4 Rad8 15. Qg4 {/\ Nf6} Bxe4 $2 (15... Kh8 $5 {
Dolmatov} 16. Rd1 $36) 16. Bxe4 $16 {Dolmatov,S-Lautier,J/Polanica Zdroj 1991})
(10... f6 $5 11. Bh3 b6 12. c3 Kh8 13. Qe2 a5 14. Re1 Ba6 15. Qf2 g5 16. Ng2
gxf4 17. Nxf4 Bxf4 18. gxf4 Qd6 $132 {Banas,J-Lechtynsky,J/Luhacovice 1973})
11. c3 Rb8 12. exf5 {Weiß klärt die Spannung im Zentrum; mit seinen besser
postierten Figuren kann er darauf rechnen, Nutzen aus den offenen Linien zu
ziehen.} exf5 13. Re1 $16 {[%csl Gg2]} b5 (13... b6 {[%csl Rc7] schützt den
schwarzen Damenflügel zwar besser, aber die Probleme werden damit auch nicht
gelöst.}) 14. a4 a6 15. axb5 axb5 16. Qe2 Rf6 ({Konsequenter erscheint mir} 
16... c4 17. b3 $16 (17. Nxc4 $2 bxc4 18. Qxc4+ Rf7 19. Bxc6 Bb6+ $17)) 17. Nb3
Re6 (17... c4 $142 18. Nc5 $16) 18. Be3 $1 {Es ist nicht allzu schwer zu
erkennen, daß Schwarz keinen Nutzen aus der Fesselung ziehen kann.} Bb6 $6 ({
Nun verliert} 18... c4 {noch ein Tempo:} 19. Nc5) 19. Rad1 ({Fritz hat keine
Einwände gegen} 19. Qxb5 $1) 19... Qc7 20. Qf2 {Weiß findet vielleicht, daß er
es nicht nötig hat, sich auf Komplikationen einzulassen.} ({Ich sehe auch hier
nichts konkretes gegen} 20. Qxb5 $1) 20... c4 21. Bxb6 Rxb6 (21... Rxe1+ 22.
Rxe1 Rxb6 23. Nc5 $16 (23. Bxc6 {wäre unnötig riskant.} Rxc6 24. Nd4)) 22. Rxe6
Bxe6 23. Nc5 Nd8 24. Re1 Bf7 (24... Rd6 {hebt die ärgerliche Bindung der Qc7
an den Rb6 auf und führt den R nützlicheren Aufgaben zu. Die anfällige
Leichtfigurenstellung in der e-Linie kann Weiß anscheinend nicht direkt
ausnutzen.}) 25. h3 {Ein nützlicher Wartezug.} (25. Re5 Ndc6) (25. Nd7 $5 {
führt nicht direkt zum Erfolg.}) 25... Ne6 $2 {Es ist verständlich, daß
Schwarz den Nc5 nicht gut leiden kann, aber nun dringt der weiße R ein.} (25...
Rd6 $142) 26. Re5 $1 {[%csl Rb5,Rf5]} Ng6 (26... Nxc5 27. Rxc5 Qd7 28. Nxf5 $1
$16) 27. Nxe6 Bxe6 28. Rc5 $1 (28. Nxg6 hxg6 29. Qe3 $16) 28... Qd7 (28... Qd8
29. Nxf5) 29. Nf3 {Alle Figuren sollen den Sieg genießen.} (29. Nxg6 hxg6 30.
Rxc4 $18) 29... Rd6 30. Nd4 h5 $2 ({Hartnäckiger war} 30... Nf8 {.Es ist aber
fraglich, ob Schwarz damit noch etwas retten konnte.}) 31. Rxb5 $18 Rxd4 $6 32.
Rb8+ Qd8 33. Rxd8+ Rxd8 34. Bf3 h4 35. Qb6 Re8 36. Qc6 Kf7 37. Bd5 hxg3 38.
Qc7+ Re7 39. Bxe6+ Kf6 40. Qxc4 Rxe6 41. Kg2 1-0

[Event "RUS-Cup03 Geller Memorial"]
[Site "Moscow"]
[Date "1999.02.13"]
[Round "4"]
[White "Gelman, Alexander"]
[Black "Granovski, Aleksandar"]
[Result "1-0"]
[WhiteElo "2460"]
[BlackElo "2302"]
[Annotator "Horn,Pe"]
[PlyCount "72"]
[EventDate "1999.02.10"]
[EventType "swiss"]
[EventRounds "9"]
[EventCountry "RUS"]
[SourceTitle "CBM 070"]
[Source "ChessBase"]
[SourceDate "1999.06.08"]
[SourceVersion "1"]
[SourceVersionDate "1999.06.08"]
[SourceQuality "1"]

1. g3 d5 2. Bg2 Nf6 3. Nf3 c5 4. O-O Nc6 5. d3 Bg4 6. Nbd2 e6 7. e4 Be7 (7...
dxe4 8. dxe4 Be7 (8... Nd4 9. h3 Nxf3+ 10. Nxf3 Qxd1 11. Rxd1 Bh5 12. Re1 Bxf3
13. Bxf3 e5 14. Be2 $16 {Jouhki,Y-Kekki,P/FIN-chT 9798}) 9. h3 Bh5 10. c3 O-O
11. Qc2 Qc7 (11... Nd7 12. Re1 b5 13. Nf1 Bxf3 14. Bxf3 Nce5 15. Be2 c4 16. f4
Bc5+ 17. Kg2 Ng6 18. b4 Bb6 19. a4 $14 {Werner,P-Troeger,R/GER-CupT 1993}) 12.
Nc4 Nd7 13. Bf4 e5 14. Bd2 Nb6 15. Ne3 $14 {McDonald,N-Needham,T/London 1986})
(7... Bd6 8. Re1 Ne5 9. h3 dxe4 10. dxe4 Nxf3+ (10... Bh5 $5) 11. Nxf3 Bxf3 12.
Qxf3 $14 {Apaza,H-Pitterson,J/Santiago 1990}) 8. h3 Bh5 9. Re1 (9. c3 h6 (9...
O-O 10. g4 (10. Qe2 Ne8 11. a3 a5 12. a4 Nc7 13. Nb1 f5 14. exf5 exf5 15. Bf4
Bd6 16. Qd2 Bxf4 17. Qxf4 Ne6 $132 {Sepp,O-Kiik,K/Vantaa 1993}) 10... Bg6 (
10... dxe4 11. dxe4 Bg6 12. Qe2 Qc7 13. Nh4 (13. Re1 Rad8 14. Nh4 Ne5 15. Nxg6
fxg6 (15... Nxg6 $5) 16. Nc4 Nd3 $11 {Lubson,P-Olsen,L/DEN 1998}) 13... Nd7 14.
Ndf3 Rfd8 (14... Nde5 $5) 15. Nxg6 hxg6 16. Ng5 Nde5 17. h4 Nd3 18. f4 Bxg5 19.
hxg5 f6 $13 {Belotti,B-Kotsur,P/Moscow 1994}) 11. e5 $6 Nd7 12. Qe2 Rc8 (12...
Qb6 {[%cal Ya8e8,Yf7f6]}) 13. Re1 Qb6 14. Nf1 Qa6 15. Rd1 Rfe8 16. Bf4 Bd8 17.
h4 Bc7 18. Bh2 Be4 $17 {Wermuth,R-Haller,P/Ladenburg 1992}) 10. Re1 O-O 11. Qe2
b5 (11... Qa5 12. Nf1 c4 13. exd5 cxd3 14. Qxd3 Nxd5 15. Ne3 Rad8 16. Qf1 Nxe3
17. Bxe3 $11 {Benjamin,J-Alburt,L/New York 1980}) 12. g4 Bg6 13. Nh2 Bd6 14.
Ndf1 Qc7 15. g5 hxg5 16. Bxg5 dxe4 17. dxe4 Rab8 $132 {Kestler,H-Keres,P/
Dortmund 1973}) (9. Qe1 O-O 10. c3 dxe4 11. dxe4 Qd3 12. g4 Bg6 13. Nh4 Nd7 14.
f4 Bxh4 15. Qxh4 f6 16. Re1 Rad8 17. Bf1 Qd6 18. Nc4 Qc7 19. a4 $14 {Konieczka,
F-Arnold,L/BL8586}) (9. g4 Bg6 10. Nh4 dxe4 11. Nxg6 hxg6 12. dxe4 Qc7 13. c3
O-O-O 14. Qe2 Bd6 15. Nc4 Bh2+ 16. Kh1 Bf4 17. Qf3 g5 $132 {Wach,M-Hertneck,G/
Manila 1992}) 9... O-O 10. c3 (10. g4 Bg6 11. e5 (11. Nh4) 11... Nd7 12. Nf1 (
12. a3 Qc7 13. Qe2 Rac8 14. Nf1 $2 Nd4 $19 {Barbieri,G-Indjic,D/Mendrisio 1989}
) 12... d4 13. Ng3 Rc8 14. g5 b5 15. h4 h5 16. Bf4 (16. gxh6) 16... Qb6 17. Nd2
c4 18. Nxh5 $2 cxd3 19. cxd3 Nb4 $19 {Wlodarczyk,R-Bang,A/Copenhagen 1991})
10... Ne5 11. g4 (11. Qc2) 11... Nxd3 (11... Nxf3+ 12. Nxf3) (11... Bxg4 $5 12.
hxg4 Nxd3 13. Rf1 Nxg4 $44) 12. gxh5 Nxe1 13. Nxe1 dxe4 $2 (13... Nxe4 14. Nxe4
dxe4 $132 {Jetzt gewinnt Weiß den Pe4 nicht so einfach zurück.}) 14. Qe2 Rb8 $2
{Es mag ja sein, daß die Stellung nicht mehr schön war, aber dieser R ist
sicher keine 2 Figuren (-1 P) wert.} (14... Qc7 15. Nxe4 $14) 15. Nxe4 Nxe4 16.
Qxe4 Bg5 17. f4 Be7 18. Be3 $16 b5 19. Nd3 Qc7 20. Ne5 Rb6 21. Nc6 Bd6 22. b4 (
22. a4 $5) 22... cxb4 23. cxb4 Ra6 24. h6 $1 Rc8 $2 (24... gxh6 25. Kh1 $40 {
[%cal Ya1g1]}) 25. Rc1 $18 Re8 26. Nxa7 Qb8 27. Bf1 (27. Nc6 $18) 27... Rxa7
28. Qd4 {[%csl Ra7,Rg7]} gxh6 29. Qxa7 Bxf4 30. Rc2 Rd8 31. Bg2 {
Erfassungsfehler ?} ({Ich habe den Verdacht, daß diese Variante der
tatsächliche Verlauf gewesen sein könnte.} 31. Rg2+ Kh8 32. Bd4+ Be5 33. Bxe5+
Qxe5 34. Qxf7 Qe3+ 35. Kh2 Qe5+ 36. Kh1 $18) 31... Kh8 32. Bd4+ Be5 33. Bxe5+
Qxe5 34. Qxf7 Qe1+ 35. Kh2 Qe5+ 36. Kh1 h5 1-0

[Event "EU-chT (Men) 11th"]
[Site "Pula"]
[Date "1997.05.??"]
[Round "7.1"]
[White "Bogdanovski, Vlatko"]
[Black "Cummings, David H"]
[Result "1-0"]
[WhiteElo "2495"]
[BlackElo "2375"]
[Annotator "Horn,Pe"]
[PlyCount "109"]
[EventDate "1997.05.05"]
[EventType "team-swiss"]
[EventRounds "9"]
[EventCountry "CRO"]
[SourceTitle "CBM 057 Extra"]
[Source "ChessBase"]
[SourceDate "1997.05.01"]
[SourceVersion "1"]
[SourceVersionDate "1997.05.01"]
[SourceQuality "1"]
[WhiteTeam "Macedonia"]
[BlackTeam "Wales"]
[WhiteTeamCountry "MKD"]
[BlackTeamCountry "WLS"]

1. Nf3 Nf6 2. g3 d5 3. Bg2 g6 4. O-O Bg7 5. d3 O-O 6. Nbd2 c5 7. e4 Nc6 8. c3
b6 9. Re1 dxe4 10. dxe4 Bb7 (10... Ng4) (10... Qc7) (10... e5) 11. Qc2 (11. e5
{Mit dieser Fortsetzung leitet Weiß einen gefährlichen Königsangriff ein.} Ne8
(11... Nd5 12. Qa4 Nc7 13. Ng5 b5 14. Qh4 h6 15. Ndf3 f5 16. e6 hxg5 17. Nxg5
Rf6 18. Bf4 Qc8 19. Rad1 Nxe6 $2 (19... Ne8) 20. Nxe6 Rxe6 21. Rxe6 Qxe6 22.
Bd5 $18 {Ost Hansen-Cain/Luzern ol/1982}) 12. Qa4 (12. Qe2 Nc7 13. Nf1 Ne6 14.
h4 Qc7 15. h5 Rad8 16. hxg6 hxg6 17. N1h2 Qd7 18. Ng4 Qd3 19. Qxd3 Rxd3 $11 {
Hesse-Gauglitz/Plauen DDR ch/1980}) 12... Qc7 (12... Qc8 13. Qh4 Nc7 14. Ne4
Ne6 15. Bh6 Rd8 16. Bh3 $16 {Vujadinovic-Ivanovic/Cetinje/1993}) 13. e6 f6 14.
Nc4 Ne5 15. Nfxe5 Bxg2 16. Nxg6 hxg6 17. Kxg2 Qb7+ 18. Kg1 b5 19. Na5 Qb6 20.
Qe4 $18 {Vogt-Baumbach/DDR-ch/1973}) 11... Nd7 $6 (11... Qc7 12. Nc4 Rad8 13.
a4 Qc8 14. Ng5 h6 15. Bh3 Ng4 16. Qe2 Ba6 17. Bxg4 Bxc4 18. Bxc8 Bxe2 $15 {
Casper-Schmittdiel/BL/1992}) (11... Ne8 $5 {[%cal Ye8c7,Yc7e6] so kann Schwarz
den Sturmlauf nach e6 verhindern}) 12. e5 {[%cal Ye5e6] Der Einladung durch
das gewagte 11...Nd7 kann Weiß nicht widerstehen.} Qc7 13. e6 fxe6 14. Ne4 {
Der Rückgewinn des Mehrbauern ist nicht wichtig (der zählt sowieso nicht recht)
; wichtig ist dagegen, alle Figuren im Spiel zu haben.} (14. Rxe6 $6 Nce5 15.
Nxe5 Nxe5 16. Bxb7 Qxb7 $36) 14... Nde5 15. Nxe5 Qxe5 (15... Nxe5 16. Bf4 $44)
16. Qe2 (16. Bf4 $143 Qf5) 16... h6 (16... Na5 17. f4 Qc7 18. Ng5 $16) 17. Bh3
(17. Bf4 $6 Qf5 $15) 17... Nd8 (17... g5 $2 18. f4 gxf4 19. Bxf4 Qd5 20. Rad1
$18) (17... Qd5 $5 18. Rd1 (18. c4 Qe5 (18... Qd8) 19. Bf4 (19. f4 Qd4+ 20. Nf2
Nd8 $132) 19... Qxb2) (18. Bf4 e5) (18. Ng5 Nd4 $1 $132) (18. Bg2 Qf5) 18...
Nd4 19. cxd4 Qxe4 20. Bxe6+ Kh7 21. Qxe4 Bxe4 22. dxc5 bxc5 $14) 18. Bf4 Qd5 (
18... Qxe4 19. Qxe4 Bxe4 20. Rxe4 $16) 19. Rad1 Qc6 (19... Qxa2 20. Rxd8 (20.
Nxc5 bxc5 21. Rxd8 e5 22. Rd2) 20... Rfxd8 21. Nxc5 Bd5 22. Nxe6 $16) 20. Bg2 {
[%cal Re4f6]} e5 21. Bc1 Kh8 22. Qg4 Nf7 23. Qd7 Rae8 (23... Qxd7 24. Rxd7 Nd6
25. Nxd6 Bxg2 26. Kxg2 exd6 27. Rxd6 $16) 24. b4 cxb4 25. cxb4 a6 $2 (25... Rd8
26. Qxe7 (26. Qxc6 Bxc6 27. Rxd8 Nxd8 $11) 26... Rxd1 27. Rxd1 Qc2 28. Re1 Nd8
$14 {Die schwarzen Figuren stehen hinreichend aktiv, um sich zu verteidigen.})
26. Be3 b5 27. Bc5 Rd8 28. Qxe7 $18 Rxd1 29. Rxd1 Ba8 30. Rd7 g5 31. Rd1 Qg6
32. Re1 Rd8 33. h4 gxh4 34. Qxh4 Re8 35. Bf3 (35. Rd1 $5) 35... Ng5 $2 36. Nxg5
$2 (36. Bh5 $18) 36... Qxg5 37. Qxg5 hxg5 38. Bxa8 Rxa8 39. Rd1 $16 a5 40. a3
axb4 41. axb4 {Die schwarze Stellung ist löcherig wie ein Schweizer Käse.} Kh7
$6 42. Rd6 Rb8 43. Kf1 Rb7 44. Ke2 Bf8 45. Rd5 Bxc5 46. Rxc5 Kg6 47. Rxe5 Kf6
48. Rd5 Kg6 49. Kf3 Kh5 50. Kg2 Kg6 51. Kh3 Rf7 52. Kg4 Rxf2 53. Rxg5+ Kf6 54.
Rxb5 Rb2 55. Rb6+ 1-0

[Event "FRA-ch"]
[Site "Narbonne"]
[Date "1997.08.23"]
[Round "8"]
[White "Bricard, Emmanuel"]
[Black "Santo Roman, Marc"]
[Result "1-0"]
[WhiteElo "2350"]
[BlackElo "2385"]
[Annotator "Horn,Pe"]
[PlyCount "83"]
[EventDate "1997.08.15"]
[EventType "tourn"]
[EventRounds "15"]
[EventCountry "FRA"]
[EventCategory "9"]
[SourceTitle "CBM 061"]
[Source "ChessBase"]
[SourceDate "1997.11.23"]
[SourceVersion "1"]
[SourceVersionDate "1997.11.23"]
[SourceQuality "1"]

1. e4 c5 2. d3 d5 3. Nd2 Nf6 4. g3 g6 5. Bg2 Bg7 6. Ngf3 Nc6 7. O-O O-O 8. c3
e5 9. Qb3 {Aus dem "echten" (mit vertauschten Farben) Königsinder ist das
Verfahren wohlbekannt.} (9. a3) (9. a4) 9... d4 (9... Rb8 10. Re1 (10. exd5
Nxd5 11. Nxe5 Nxe5 12. Bxd5 Nxd3 13. Ne4 Nxc1 14. Raxc1 $36) 10... d4 11. cxd4
cxd4 12. Qd1 $6 Nd7 13. Nb3 a5 14. Bd2 a4 $132 {Parker-Fogarasi/Guildford/1991}
) 10. cxd4 cxd4 11. Nc4 Nd7 (11... Ne8 $5 {[%cal Ye8d6]}) 12. Bd2 Nb6 {Der
Doppelbauer ist nicht zu fürchten: Schwarz erhält Spiel auf der a-Linie.} 13.
Na5 Nxa5 14. Bxa5 Be6 15. Qb4 $146 (15. Qb5 Qd7 16. Qb4 Na4 17. Qd2 Rfc8 18.
Rfc1 $2 (18. Ng5 $11) 18... Rxc1+ 19. Rxc1 b6 20. Bb4 Bxa2 $17 {
Hertel-Szymczak/Hamburg Wichern op/1993}) 15... Re8 {[%cal Yg7f8]} (15... Rc8
16. Rac1 Bxa2 $140 $2 17. b3 $18) (15... f6) 16. h4 f6 (16... Bg4 17. Rfc1 Bh6
18. Rc2 (18. Ng5 Bxg5 19. hxg5 Qxg5 20. Rc7 Rec8)) 17. h5 g5 {Das bewirkt eine
ernsthafte Schwächung der weißen Felder (speziell f5). Weiß ist ab jetzt daran
interessiert, die weißfeldrigen B zu tauschen, da das die Probleme noch
verstärkt. Wenn Schwarz am Königsflügel nicht reagiert, kann Weiß hxg6 /\ Nh4
spielen, womit er Schwarz in eine passive Rolle drängt.} (17... gxh5 $2 18. Nh4
$44) (17... Bf8 18. Qd2 Rc8 19. hxg6 hxg6 20. Nh4) 18. Nh2 {[%csl Gf5][%cal
Yg2f3,Yf3g4]} Rc8 19. Bf3 Bf8 20. Qd2 Qd7 21. Bxb6 axb6 22. Rfc1 Rxc1+ 23. Qxc1
(23. Rxc1 Bxa2 24. Bg4 Qf7 $17) 23... Qf7 24. a3 Rc8 25. Qd2 Rc6 {lädt den
Weißen ein, doch bitte mit Rc1xc6 die schwarze Bauernstruktur zu stärken. Geht
Weiß nicht darauf ein, kann Schwarz in c-Linie verdoppeln. Man sollte beachten,
daß Rc6 besonders kräftig ist, weil der Pa7 nach b6 gewandert ist: ansonsten
würde der Tausch auf c6 dem Schwarzen keine Vorteile bringen. Es ist klar, daß
in dieser Stellung der Doppelbauer b7/b6 keine Schwäche darstellt.} 26. Rf1 Qc7
27. Bd1 {Eine spannende Stellung: Weiß hat ein positionelles Übergewicht auf
dem Königsflügel, aber er kommt nicht dazu, Fortschritte zu machen, da er den
B zur Bewachung von c2 benötigt. Schwarz hat dafür die vollständige Kontrolle
über die c-Linie.} (27. Bg4 Bf7 {[%cal Yc6c2]}) 27... Bd6 28. Ba4 Rc5 29. Qe2
b5 30. Bd1 Rc6 (30... Rc1 31. Ng4) 31. Qd2 b4 32. Ba4 (32. axb4) 32... b5 {
Damit erkämpft sich Schwarz das Einbruchsfeld c2.} 33. Bxb5 Rc2 34. Qd1 b3 {
Schwarz baut seine Hoffnungen auf den Pb3.} (34... Rxb2 35. axb4 (35. a4) 35...
Rxb4 {Das konnte Schwarz auch haben: die P am Damenflügel sind verschwunden.
Es bleibt aber ein gefährdeter Bb5. Er kann unter Bauernopfer den strategisch
wünschenswerten Abtausch gegen den Kollegen auf e6 herbeiführen. Es ist eine
interessante Frage, ob er dafür genügend Spiel erhält.} 36. Bc4 (36. Ba4 $17 {
[%csl Ra4]}) 36... Bxc4 (36... Rxc4 37. dxc4 Bxc4 38. Ng4 Bxf1 39. Nxf6+ Kf7
40. Nd5 $11) 37. dxc4 Qxc4 38. Qg4 $13) 35. Ng4 (35. Qf3 Rxb2 $1 (35... Qe7 36.
Rb1 $16) (35... Be7 36. Ng4 Rxb2 37. Nxf6+ {-> Partie/ 35...Be7}) 36. Qxf6 Qe7
37. Ng4 (37. Qxe7 Bxe7 38. Nf3 Bf6 39. Bc4 Kf7 40. Rc1 Rc2 41. Rb1 Bxc4 42.
dxc4 b2 43. Kg2 Ke6 $17 {[%cal Yf6e7,Ye7a3]}) (37. Qh6 Rc2 38. Bc4 Bxc4 39.
dxc4 b2 $19) 37... Qxf6 38. Nxf6+ Kf7 39. Nxh7 Be7 $17) 35... Kg7 $2 {Bei
diesem und den folgenden Zügen könnte die Zeitnot eine Rolle gespielt haben.
Schwarz hatte sein Spiel auf die Eroberung des Pb2 gerichtet und sollte nun
nicht auf halbem Wege stehenbleiben.} (35... Qe7 36. Qf3 Rxb2 37. Nh6+ (37.
Nxf6+ Kh8 38. Bc4 (38. Ng4 Rc2 39. Ba4 Rc3 40. Rb1 Bxa3 41. Nxe5 b2 $19) 38...
Rc2 $1 {[%cal Rb3b2,Yc2c1]} (38... Bxa3 39. Ng4 (39. Ra1 Bxc4 40. dxc4 Ra2 $17)
39... Bd6 40. Ra1 Ra2 (40... Bxg4 41. Ra8+ Kg7 42. Qxg4 Kh6 43. Ra7 $1 Qxa7 44.
Qe6+ Kg7 (44... Kxh5 45. g4+ Kh4 46. Qh6+ Kxg4 47. Be6+ Kf3 48. Qh5+ g4 49.
Qxg4#) 45. h6+ Kf8 46. Qf6+ Ke8 47. Bb5+ $18) 41. Rb1 Bxc4 42. dxc4 $16) 39.
Nd5 (39. Ng4 b2 $19) 39... Bxd5 40. Bxd5 b2 41. Ba2 Rc1 $17) (37. Qxf6 $2 Qxf6
38. Nxf6+ Kf7 39. Nxh7 Be7 $17) (37. Bc4 Rc2 38. Qxf6 (38. Nh6+ Kh8 39. Nf5
Bxf5 40. Qxf5 b2) 38... Qxf6 39. Nxf6+ Kf7 40. Bxe6+ Kxe6 41. Nxh7 Be7 $17)
37... Kh8 (37... Kg7 $2 38. Nf5+ Bxf5 39. Qxf5 Bxa3 40. Bc4 Bd6 41. Kg2 $16)
38. Nf5 Bxf5 39. Qxf5 Bxa3 (39... Rc2 40. Ba4 Rc3 41. Rb1 Rxd3 42. Rxb3 Rxb3
43. Bxb3 Bxa3 $11) 40. Rc1 Rc2 (40... Qg7 41. Rc8+ Bf8 42. Bc4 $14) 41. Rxc2
bxc2 42. Qc8+ Kg7 43. Qxc2 $11) (35... Be7 36. Qf3 Rxb2 37. Nxf6+ Kh8 38. a4)
36. h6+ Kf7 $2 (36... Kh8 37. Qf3 Be7 38. Nxf6 Rxb2 39. Bc4 Qc8 (39... Bxc4 40.
dxc4 Qd6 (40... Qxc4 $4 41. Nd5 $18) 41. Ng4 {[%cal Rf3f7]} Qe6 (41... Kg8 42.
Qf5 $40) 42. a4 $16) 40. Nd5 Qf8 41. Qh5 $36) 37. Qf3 (37. Ne3 dxe3 38. Qh5+
Kg8 39. Qe8+ Bf8 40. Qxe6+ Qf7 41. Bc4 exf2+ 42. Rxf2 Qxe6 43. Bxe6+ Kh8 44.
Bxb3 Rxf2 45. Kxf2 Bxh6 46. g4 $18) 37... Qe7 (37... Bxg4 38. Qxg4 Qe7 39. Bc4+
Kg6 40. Kg2 $18) 38. Rb1 (38. Bc4 Bxc4 39. dxc4 Rxb2 40. Qf5 $18) 38... Bc7 $2
(38... Rd2 39. a4 $16 (39. Bc4 $143 Bxc4 40. dxc4 Qe6)) 39. Bc4 Kg6 (39... Bxc4
40. dxc4 Qe6 41. Qxb3 $18) 40. Bxb3 $1 Bxb3 41. Qf5+ Kf7 42. Qxh7+ {[%cal
Yh7e7,Yh6h7]} 1-0

[Event "Niksic"]
[Site "Niksic"]
[Date "1991.??.??"]
[Round "8"]
[White "Strikovic, Aleksa"]
[Black "Miljanic, Boro"]
[Result "1-0"]
[WhiteElo "2495"]
[BlackElo "2390"]
[Annotator "Horn,Pe"]
[PlyCount "81"]
[EventDate "1991.04.??"]
[EventType "tourn"]
[EventRounds "13"]
[EventCountry "YUG"]
[EventCategory "9"]
[SourceTitle "CBM 024"]
[Source "ChessBase"]
[SourceDate "1991.10.01"]
[SourceVersion "1"]
[SourceVersionDate "1991.10.01"]
[SourceQuality "1"]

1. Nf3 d5 2. g3 c5 3. Bg2 Nc6 4. O-O Nf6 5. d3 e5 6. Nbd2 Be7 7. e4 dxe4 $6 8.
dxe4 $14 {><d5,f5} Be6 9. c3 h6 (9... Qd3 10. Re1 {/\ Bf1}) 10. Qe2 (10. Qc2 $5
$14 {/\ Rd1(e1),Nf1-e3}) 10... Qa5 $6 (10... O-O $14) 11. a4 $6 (11. Nc4 $2 Qa6
12. Nfd2 Na5) (11. Re1 $5 {/\ Nc4}) 11... Nd7 $6 12. Ne1 {/\ Nc2-e3-d5/f5} Nb6
13. Nc2 (13. f4 c4 14. f5 Qc5+ 15. Kh1 Bd7 $13) 13... c4 14. Re1 Rd8 15. Ne3
Qc5 16. Nf5 $1 (16. Bf1 Na5) 16... Bf6 (16... Bxf5 17. exf5 $16) (16... Bf8 17.
Nf1 Na5 (17... g6 18. Be3 Qa5 19. Nh4 Bg7 20. f4 $16) 18. Be3 Qc6 19. f4 g6 20.
Nh4 $16) 17. Nf1 Na5 18. Be3 Qc6 19. h4 Nxa4 20. Nh2 {/\ Ng4} Nb3 21. Rad1 Rxd1
22. Rxd1 Nbc5 (22... Bxf5 23. exf5 Qa6 24. Ng4 $146) (22... Nb6 23. Ng4 (23.
Nd6+ Ke7) 23... Bxf5 24. exf5 Qc7) 23. Nd6+ Ke7 24. Nxc4 Rd8 25. Rxd8 Kxd8 26.
Ng4 Nd7 27. Na5 Qa6 28. Qxa6 bxa6 29. Nxf6 Nxf6 30. Bc1 Kc7 31. c4 Nc5 32. b4
Ncxe4 $2 (32... Nb7 $16) 33. Bb2 $18 Nd2 34. Bxe5+ Kb6 35. Bd4+ Kc7 36. c5 Nb3
37. Be5+ Kd7 38. c6+ Kc8 39. Bf1 Nxa5 40. Bxa6+ Kd8 41. c7+ 1-0

[Event "Santa Clara"]
[Site "Santa Clara"]
[Date "1991.??.??"]
[Round "2"]
[White "Antunes, Antonio"]
[Black "Ruban, Vadim"]
[Result "0-1"]
[WhiteElo "2460"]
[BlackElo "2575"]
[Annotator "Horn,Pe"]
[PlyCount "94"]
[EventDate "1991.02.??"]
[EventType "tourn"]
[EventRounds "13"]
[EventCountry "CUB"]
[EventCategory "9"]
[SourceTitle "CBM 026"]
[Source "ChessBase"]
[SourceDate "1992.02.01"]
[SourceVersion "1"]
[SourceVersionDate "1992.02.01"]
[SourceQuality "1"]

1. e4 c5 2. Nf3 e6 3. d3 Nc6 4. g3 d5 5. Nbd2 Nge7 6. Bg2 g6 7. O-O Bg7 8. Re1
b6 9. c3 a5 10. a4 h6 11. exd5 (11. h4) 11... exd5 {N} (11... Nxd5 12. Nc4) 12.
Nb3 O-O 13. d4 (13. h4) 13... c4 14. Nbd2 Bf5 (14... Be6 $5) 15. b3 cxb3 16.
Qxb3 Be6 17. Nf1 (17. Ba3 $1 {/\ Re2,Rbe1}) 17... Rb8 18. Rb1 $6 (18. Ba3)
18... Qd7 19. h4 Rfc8 20. Bf4 $6 Rb7 21. Ne3 f6 22. Rb2 Nd8 $1 {/\ Nf7} (22...
g5 23. hxg5 hxg5 24. Bxg5 fxg5 25. Nxg5 $146) 23. Nc2 (23. Rbe2 $5 $13) 23...
Bf5 24. Na3 Nf7 25. Nb5 g5 26. hxg5 hxg5 27. Bc1 Bd3 28. Bf1 (28. Rxe7 $2 Qxe7
29. Qxd5 Bc4) 28... Bxf1 29. Kxf1 Qh3+ 30. Kg1 Rd7 31. Rbe2 Bf8 32. Qc2 (32.
Ba3 Nf5 33. Bxf8 Rxf8 34. Qc2 Kg7 {/\ Rh8-+}) 32... Kg7 33. Re6 (33. Ba3) 33...
Nf5 34. Qe2 (34. Rxb6 Be7 {/\ Rh8-+}) 34... N5d6 35. Nh2 Nxb5 36. Qxb5 Rd6 37.
Re8 (37. Rxd6 Bxd6 {/\ Rh8-+} 38. Qxd5 Bxg3 39. fxg3 Qxg3+ 40. Kf1 Qxh2 41. Re7
Qh5) 37... Rxc3 38. Qe2 Rdc6 39. Bd2 Rc2 40. Nf1 Bb4 41. Rb8 Bxd2 42. Nxd2 (42.
Qe8 Bxe1 43. Qg8+ Kh6 $19) 42... Rc8 43. Rxb6 $2 (43. Rxc8 $19) 43... Rxd2 $1
44. Qf3 (44. Qxd2 Rh8 45. f4 Qxg3+ 46. Kf1 Qf3+ 47. Qf2 Rh1#) 44... Qh6 45.
Qxd5 Rh8 46. Qg2 Rxd4 47. Rb7 Qh5 0-1